00716nam a22002537a 4500003000400000008004100004020001800045082002000063100002500083245007600108250000900184260002900193300001900222650002500241650002200266650002500288650002100313650002600334650002600360700002000386700001900406700001900425700001800444OSt260224b2025 |||||||| |||| 00| 0 eng d a9789357054584 a658.4012bWHI-E aWhittington, Richard aExploring strategy :btext and cases /cRichard Whittington....[et al.] a12th aNoida :bPearson,c2025. axxvi, 809 p. ; aStrategic management aBusiness Planning aCorporate governance aEntrepreneurship aOrganizational Change aInnovating Management aRegner, Patrick aAngwin, Duncan aJohnson, Gerry aSholes, Kevan